[Event "Landesjugendeinzelmeisterschaft M-V u12"]
[Site "Malchow 2024"]
[Date "2024.02.06"]
[Round "5.3"]
[White "Lott, Konstantin"]
[Black "Khanbekyan, Aram"]
[Result "1-0"]
[WhiteElo "975"]
[BlackElo "1324"]
[Time "08:30:00"]
[WhiteTeam "Think Rochade - SC HRO"]
[BlackTeam "Greifswalder SV"]

1.e4 c5 2.Nf3 Nc6 3.Bc4 g6 4.Ng5 e6 5.Nf3 Bg7 6.d3 Nge7 7.Bg5 Bxb2 8.Nbd2 Bxa1
9.Qxa1 h6 10.Qxh8+ Ng8 11.Qxg8#
1-0

[Event "Landesjugendeinzelmeisterschaft M-V u12"]
[Site "Malchow 2024"]
[Date "2024.02.06"]
[Round "5.4"]
[White "Tran, Nhat Nam"]
[Black "GÃ¼nther, Toni"]
[Result "1-0"]
[WhiteElo "1471"]
[BlackElo "839"]
[Time "08:30:00"]
[WhiteTeam "Greifswalder SV"]
[BlackTeam "SAV Torgelow-DrÃ¶geheide 90"]

1.c4 e6 2.Nc3 d5 3.cxd5 exd5 4.d4 c6 5.g3 Bd6 6.Nf3 Nf6 7.Bg2 Bf5 8.Nh4 Be6
9.O-O O-O 10.e4 dxe4 11.Nxe4 Nxe4 12.Bxe4 Be7 13.Ng2 Bd5 14.Bd3 Nd7 15.Nf4 Nf6
16.Re1 Re8 17.Qc2 Bb4 18.Rxe8+ Qxe8 19.Nxd5 cxd5 20.Bg5 Ne4 21.Be3 g6 22.Qb3 Bd2
23.Bxd2 Nxd2 24.Qxd5 Qe7 25.Kg2 Rd8 26.Qa5 Ne4 27.Qxa7 Nd6 28.Qa5 Qe6 29.Qxd8+
Ne8 30.Bb5 Qe4+ 31.Kg1 Kf8 32.d5 Qe7 33.Qxe7+ Kxe7 34.Bxe8 Kxe8 35.d6 Kd7 36.Rd1
f6 37.Kg2 g5 38.Kf3 f5 39.g4 fxg4+ 40.Kxg4 h6 41.Kf5 h5 42.Ke5 h4 43.Rc1 g4
44.Rc7+ Ke8 45.Ke6 Kf8 46.d7 Kg7 47.d8=Q+ Kg6 48.Qf8 g3 49.Rg7+ Kh6 50.Qh8#
1-0

[Event "Landesjugendeinzelmeisterschaft M-V u12"]
[Site "Malchow 2024"]
[Date "2024.02.06"]
[Round "5.7"]
[White "Zarbock, Tim Pepe"]
[Black "Hampe, Adrian"]
[Result "1-0"]
[WhiteElo "770"]
[BlackElo "936"]
[Time "08:30:00"]
[WhiteTeam "Greifswalder SV"]
[BlackTeam "Lok Gymnas Pritzwalk"]

1.e4 e5 2.Nf3 Nc6 3.Bc4 Bc5 4.d3 Nf6 5.Be3 Bxe3 6.fxe3 O-O 7.Nc3 d6 8.Qd2 Bg4
9.O-O-O Bxf3 10.gxf3 Na5 11.Bd5 c6 12.Bb3 Nxb3+ 13.axb3 b5 14.Rdg1 a5 15.Qg2 g6
16.h4 Kh8 17.h5 gxh5 18.Qg7#
1-0

[Event "Landesjugendeinzelmeisterschaft M-V u14"]
[Site "Malchow 2024"]
[Date "2024.02.06"]
[Round "5.1"]
[White "Natsagdorj, Zelme"]
[Black "Herrmann, Jakob"]
[Result "0-1"]
[WhiteElo "1404"]
[BlackElo "2031"]
[Time "08:30:00"]
[WhiteTeam "SC Mecklenburger Springer"]
[BlackTeam "SAV Torgelow-DrÃ¶geheide 90"]

1.e4 c5 2.Nf3 Nc6 3.d4 cxd4 4.Nxd4 g6 5.Nc3 Bg7 6.Be3 Nf6 7.f3 O-O 8.Qd2 d5
9.exd5 Nxd5 10.Nxc6 bxc6 11.Bd4 e5 12.Bc5 Re8 13.O-O-O Be6 14.g4 Qa5 15.Ba3 Red8
16.Ne4 Qb6 17.Bc5 Qc7 18.h4 h6 19.Qh2 Qa5 20.a3 Rab8 21.h5 g5 22.Bd6 Ne3 23.Bd3
Nxd1 24.Bxb8 Nxb2 25.Kxb2 Rxb8+ 26.Kc1 Qxa3+ 27.Kd2 Qb4+ 28.Ke3 Qd4+ 29.Ke2 c5
30.Nxg5 hxg5 31.h6 Bf6 32.h7+ Kh8 33.Qh6 e4 34.Bxe4 Bc4+ 35.Bd3 Bxd3+ 36.cxd3
Rb2+ 37.Kf1 Qxd3+ 38.Ke1 Qb1#
0-1

[Event "Landesjugendeinzelmeisterschaft M-V u14"]
[Site "Malchow 2024"]
[Date "2024.02.06"]
[Round "5.2"]
[White "Chandrasekher, Ritu"]
[Black "Vakeel, Eshwar"]
[Result "1-0"]
[WhiteElo "1387"]
[BlackElo "1324"]
[Time "08:30:00"]
[WhiteTeam "TuS Makkabi Rostock"]
[BlackTeam "SSC Rostock 07"]

1.e4 c6 2.d4 d5 3.e5 c5 4.dxc5 Nc6 5.Nf3 Bg4 6.c3 e6 7.Be3 Nge7 8.h3 Bxf3 9.Qxf3
Ng6 10.Qg3 Ncxe5 11.Bb5+ Nc6 12.Nd2 Be7 13.O-O O-O 14.Nf3 a6 15.Bd3 Bf6 16.Bg5
Rc8 17.Rfe1 Bxg5 18.Nxg5 Nce7 19.h4 h6 20.h5 hxg5 21.hxg6 Nf5 22.gxf7+ Rxf7
23.Qe5 Rf6 24.Bxf5 exf5 25.b4 Rc7
1-0

[Event "Landesjugendeinzelmeisterschaft M-V u14"]
[Site "Malchow 2024"]
[Date "2024.02.06"]
[Round "5.2"]
[White "Chandrasekher, Ritu"]
[Black "Vakeel, Eshwar"]
[Result "1-0"]
[WhiteElo "1387"]
[BlackElo "1324"]
[Time "08:30:00"]
[WhiteTeam "TuS Makkabi Rostock"]
[BlackTeam "SSC Rostock 07"]

1.e4 c6 2.d4 d5 3.e5 c5 4.dxc5 Nc6 5.Nf3 Bg4 6.c3 e6 7.Be3 Nge7 8.h3 Bxf3 9.Qxf3
Ng6 10.Qg3 Ncxe5 11.Bb5+ Nc6 12.Nd2 Be7 13.O-O O-O 14.Nf3 a6 15.Bd3 Bf6 16.Bg5
Rc8 17.Rfe1 Bxg5 18.Nxg5 Nce7 19.h4 h6 20.h5 hxg5 21.hxg6 Nf5 22.gxf7+ Rxf7
23.Qe5 Rf6 24.Bxf5 exf5 25.b4 Rc7 26.Rad1 Rd7 27.Re3 Rff7 28.Red3 g6 29.Rxd5
Rxd5 30.Rxd5 Qe7 31.Qxe7 Rxe7 32.Rd6 Kf7 33.Kf1 Re6 34.Rd7+ Re7 35.Rxe7+ Kxe7
36.Ke2 Ke6 37.a4 Kd5 38.Kd3 g4 39.c4+ Ke5 40.b5 a5 41.c6 bxc6 42.b6 Kd6 43.c5+
Kd7 44.Kd4 f4 45.Ke4
1-0

[Event "Landesjugendeinzelmeisterschaft M-V u14"]
[Site "Malchow 2024"]
[Date "2024.02.06"]
[Round "5.3"]
[White "Gavrylyuk, Oleksandr"]
[Black "Wrage, Julius"]
[Result "1-0"]
[WhiteElo "1390"]
[BlackElo "1237"]
[Time "08:30:00"]
[WhiteTeam "TuS Makkabi Rostock"]
[BlackTeam "SAV Torgelow-DrÃ¶geheide 90"]

1.e4 c6 2.d4 d5 3.exd5 cxd5 4.Bd3 Nc6 5.c3 g6 6.Bf4 Bg7 7.h3 Nh6 8.Nf3 f6 9.Bxh6
Bxh6 10.Qc2 O-O 11.O-O Bg7 12.Nbd2 e5 13.Bb5 Re8 14.Qd1 Be6 15.Nb3 a6 16.Bxc6
bxc6 17.Nc5 Bf7 18.Re1 e4 19.Nd2 f5 20.Nf1 f4 21.Nh2 h5 22.f3 e3 23.Qd3 Qh4
24.Re2 a5 25.Nb7 Be6 26.Qxg6 Qf6 27.Qxf6 Bxf6 28.Nf1 h4 29.Nh2 Bf5 30.Nd6 Bd3
31.Nxe8 Rxe8 32.Ree1 Rb8 33.b3 c5 34.Ng4 Bg7 35.Ne5 Bxe5 36.dxe5 c4 37.Kh2 cxb3
38.axb3 Rxb3 39.Rxa5 Rb1 40.Rxb1 Bxb1 41.Ra1 Bd3 42.Kg1 Kf7 43.Ra7+ Ke6 44.Ra8
Kxe5 45.Rh8 d4 46.Rh5+ Bf5 47.cxd4+ Kxd4 48.Rxf5 Kd3 49.Rxf4 Ke2 50.Rxh4 Ke1
51.Re4 e2 52.h4 Kd1 53.Rxe2 Kxe2 54.h5
1-0

[Event "Landesjugendeinzelmeisterschaft M-V u14"]
[Site "Malchow 2024"]
[Date "2024.02.06"]
[Round "5.4"]
[White "Wilke, Ronja"]
[Black "SchrÃ¶der, Hannes Artur"]
[Result "1-0"]
[WhiteElo "1202"]
[BlackElo "1310"]
[Time "08:30:00"]
[WhiteTeam "SAV Torgelow-DrÃ¶geheide 90"]
[BlackTeam "SG Eintracht Neubrandenburg"]

1.e4 e5 2.Nf3 Nc6 3.Bc4 Bc5 4.c3 Nf6 5.d4 exd4 6.e5 Ng4 7.cxd4 Bb4+ 8.Nc3 d5
9.Bb5 Bd7 10.O-O Bxc3 11.bxc3 h5 12.h3 Nh6 13.Re1 Ne7 14.Bxd7+ Qxd7 15.Qe2 O-O-O
16.Bxh6 Rxh6 17.Ng5 Nc6 18.Rab1 Rg6 19.Qxh5 Qf5 20.h4 f6 21.Qf3 Qc2 22.Nf7 Re8
23.h5 Rg5 24.Nxg5 fxg5 25.Rbc1 Qd2 26.Qxd5 Rf8 27.f3 Qe3+ 28.Kh1 Rh8 29.g4 g6
30.Qe4 Qf2 31.Rc2 Qg3 32.Rg1 Qf4 33.Qxf4 gxf4 34.Rh2 gxh5 35.Rxh5 Rg8 36.Rh7 b6
37.g5 Kd8 38.g6 Ne7 39.g7 Ke8 40.Rh8 Kf7 41.Rxg8 Kxg8 42.e6 Nf5 43.Kh2 a5
1-0

[Event "Landesjugendeinzelmeisterschaft M-V u14"]
[Site "Malchow 2024"]
[Date "2024.02.06"]
[Round "5.4"]
[White "Wilke, Ronja"]
[Black "SchrÃ¶der, Hannes Artur"]
[Result "1-0"]
[WhiteElo "1202"]
[BlackElo "1310"]
[Time "08:30:00"]
[WhiteTeam "SAV Torgelow-DrÃ¶geheide 90"]
[BlackTeam "SG Eintracht Neubrandenburg"]

1.e4 e5 2.Nf3 Nc6 3.Bc4 Bc5 4.c3 Nf6 5.d4 exd4 6.e5 Ng4 7.cxd4 Bb4+ 8.Nc3 d5
9.Bb5 Bd7 10.O-O Bxc3 11.bxc3 h5 12.h3 Nh6 13.Re1 Ne7 14.Bxd7+ Qxd7 15.Qe2 O-O-O
16.Bxh6 Rxh6 17.Ng5 Nc6 18.Rab1 Rg6 19.Qxh5 Qf5 20.h4 f6 21.Qf3 Qc2 22.Nf7 Re8
23.h5 Rg5 24.Nxg5 fxg5 25.Rbc1 Qd2 26.Qxd5 Rf8 27.f3 Qe3+ 28.Kh1 Rh8 29.g4 g6
30.Qe4 Qf2 31.Rc2 Qg3 32.Rg1 Qf4 33.Qxf4 gxf4 34.Rh2 gxh5 35.Rxh5 Rg8 36.Rh7 b6
37.g5 Kd8 38.g6 Ne7 39.g7 Ke8 40.Rh8 Kf7 41.Rxg8 Kxg8 42.e6 Nf5 43.Kh2 a5 44.Rg5
Ne7 45.Kh3 c6 46.Kg4 c5 47.dxc5 bxc5 48.Kxf4 a4 49.Rxc5 Kxg7 50.Rc7 Kf6 51.Rxe7
Kxe7 52.Ke5 a3 53.f4
1-0

[Event "Landesjugendeinzelmeisterschaft M-V u14"]
[Site "Malchow 2024"]
[Date "2024.02.06"]
[Round "5.5"]
[White "Eschrig, Immanuel"]
[Black "Stier, Edgar"]
[Result "1-0"]
[WhiteElo "1459"]
[BlackElo "972"]
[Time "08:30:00"]
[WhiteTeam "Greifswalder SV"]
[BlackTeam "ESV Waren"]

1.e4 e5 2.Nf3 Nc6 3.Nc3 Nf6 4.d4 d6 5.dxe5 dxe5 6.Qxd8+ Kxd8 7.Bb5 Bd6 8.Bg5 Bd7
9.O-O-O Kc8 10.Nd2 a6 11.Bxc6 Bxc6 12.Nc4 Nxe4 13.Nxe4 Bxe4 14.Rxd6 cxd6
15.Nxd6+ Kc7 16.Nxe4 f6 17.Be3 f5 18.Ng5 f4 19.Bc5 Rac8 20.Rd1 Kb8 21.Bd6+ Ka8
22.Bxe5 Rhe8 23.Bxf4 Re2 24.Bd2 Rxf2 25.Rg1 Rd8 26.Nf3 h6 27.Ba5 Rc8 28.c3 g5
29.Bb6 Re2 30.Nd4 Re5 31.Rf1 Rce8 32.Kd2 h5 33.h3 h4 34.a3 Re4 35.Rf5 g4 36.Rh5
gxh3 37.gxh3 Rf4 38.Ne6 Rf6 39.Nc7+ Kb8 40.Nxe8 Rxb6 41.Kc2 Re6 42.Rh8 Re2+
43.Kb3 Ka7 44.Nf6 Re6 45.Ng4 Rb6+ 46.Kc2 Re6 47.Rxh4 Re2+ 48.Kb3 Rg2 49.Rh8 Rg3
50.Ne5 Re3 51.Nc4 Re6 52.h4 Rf6 53.h5 Rf7 54.h6 Re7 55.h7 Rxh7 56.Rxh7
1-0

[Event "Landesjugendeinzelmeisterschaft M-V u14"]
[Site "Malchow 2024"]
[Date "2024.02.06"]
[Round "5.6"]
[White "Jakobi, Paul Leonhard"]
[Black "Zielke, Finn"]
[Result "1-0"]
[WhiteElo "1054"]
[BlackElo "774"]
[Time "08:30:00"]
[WhiteTeam "SF Schwerin"]
[BlackTeam "SC Mecklenburger Springer"]

1.e4 e5 2.Nf3 Nc6 3.Bc4 Bc5 4.c3 Nf6 5.d3 O-O 6.O-O d6 7.a4 a5 8.Bb3 Bg4 9.Nbd2
Qe7 10.h3 Bxf3 11.Nxf3 Rfe8 12.Re1 Nh5 13.Ng5 g6 14.Bxf7+ Kg7 15.Bxe8 Rxe8
16.Nf3 Rf8 17.d4 Bb6 18.Be3 Qe6 19.d5 Qd7 20.dxc6 Qxc6 21.Bxb6 Qxb6 22.Qd2 Nf4
23.g3 Nxh3+ 24.Kg2 Nf4+ 25.gxf4 exf4 26.Qd4+ Qxd4 27.cxd4 g5 28.Nxg5 h6 29.Ne6+
Kf7 30.Nxf8 Kxf8 31.f3 Kf7 32.Rh1 Kg6 33.Rh4 Kg5 34.Rah1 c5 35.d5 b6 36.Rxh6 c4
37.R1h5#
1-0

[Event "Landesjugendeinzelmeisterschaft M-V u14"]
[Site "Malchow 2024"]
[Date "2024.02.06"]
[Round "5.7"]
[White "Stepanjan, Tatevik Mia"]
[Black "BÃ¼hrt, Matteo"]
[Result "1-0"]
[WhiteElo "1337"]
[BlackElo "795"]
[Time "08:30:00"]
[WhiteTeam "ESV 1888 Wittenberge"]
[BlackTeam "ESV Waren"]

1.e4 e5 2.Nf3 Nc6 3.Bb5 Nf6 4.d3 d6 5.Bg5 Be7 6.h3 Be6 7.Nc3 O-O 8.O-O Nd4 9.Ba4
c6 10.Nxd4 exd4 11.Ne2 d5 12.Nxd4 dxe4 13.Nxe6 fxe6 14.Bxf6 Bxf6 15.dxe4 Bxb2
16.Rb1 b5 17.Bb3 Qf6 18.Qd6 Bd4 19.Qxe6+ Kh8 20.Qxf6 Rxf6 21.Rbe1 Raf8 22.Re2
Be5 23.f3 c5 24.Bd5 Bd4+ 25.Kh1 Rg6 26.e5 Rd8 27.Bf7 Rd5 28.Bxd5
1-0

[Event "Landesjugendeinzelmeisterschaft M-V u14"]
[Site "Malchow 2024"]
[Date "2024.02.06"]
[Round "5.8"]
[White "Isaiev, Andrii"]
[Black "Martinez, Gabriel"]
[Result "1-0"]
[WhiteElo "967"]
[BlackElo "981"]
[Time "08:30:00"]
[WhiteTeam "TuS Makkabi Rostock"]
[BlackTeam "Think Rochade - SC HRO"]

1.d4 d5 2.Nf3 Nc6 3.Bf4 Bf5 4.e3 Nb4 5.Bd3 Bxd3 6.cxd3 e6 7.a3 Nc6 8.Nc3 Nf6
9.Nb5 Bd6 10.Nxd6+ cxd6 11.h3 h6 12.O-O O-O 13.Re1 Nh5 14.Bh2 Re8 15.Rc1 Nf6
16.Nd2 Rc8 17.Nb3 b6 18.Nd2 Qd7 19.b4 b5 20.Nb3 e5 21.dxe5 dxe5 22.e4 dxe4
23.dxe4 Qxd1 24.Rcxd1 Nd4 25.Nc5 Nc2 26.Re2 Nxa3 27.Ra2 Nc4 28.Rxa7 Rcd8 29.Rxd8
Rxd8 30.Bg3 Nh5 31.Kh2 Nxg3 32.Kxg3 g6 33.f3 f5 34.exf5 gxf5 35.Rb7 Nd6 36.Rd7
Rxd7 37.Nxd7 e4 38.Kf4 Kf7 39.Ke5 e3 40.Nc5 Nc4+ 41.Kf4 e2 42.Nd3 Nb2 43.Ne1
Nd3+ 44.Nxd3 Kg6 45.g3 h5 46.g4 fxg4 47.fxg4 h4 48.Kf3 Kg5 49.Kxe2 Kh6 50.Ke3
Kg6 51.Kd4 Kf6 52.Kc5 Kg6 53.Kxb5 Kf6 54.Kc6 Kf7 55.Kc7 Ke6 56.b5 Kd5 57.b6 Ke4
58.b7 Kf3 59.b8=Q Kg3 60.Kc6+ Kxh3 61.Qf4 Kg2 62.Kd6 h3 63.Ne1+ Kg1 64.g5 h2
65.Qxh2+ Kxh2 66.g6 Kg1 67.g7 Kf1 68.g8=Q Kxe1 69.Qg2 Kd1 70.Qf2 Kc1 71.Qe2 Kb1
72.Kc5 Kc1 73.Kb4 Kb1 74.Kb3
1-0

[Event "Landesjugendeinzelmeisterschaft M-V u14"]
[Site "Malchow 2024"]
[Date "2024.02.06"]
[Round "5.10"]
[White "Klatt, Erik Alexander"]
[Black "Lipkowski, Calvin"]
[Result "0-1"]
[WhiteElo "924"]
[BlackElo "791"]
[Time "08:30:00"]
[WhiteTeam "SV Empor KÃ¼hlungsborn"]
[BlackTeam "SAV Torgelow-DrÃ¶geheide 90"]

1.e4 e5 2.Nf3 Nc6 3.Bc4 Nf6 4.Nc3 Bc5 5.a3 O-O 6.O-O d6 7.h3 Re8 8.Ng5 Re7 9.Nd5
Rd7 10.d3 Nxd5 11.Bxd5 h6 12.Nf3 Re7 13.b4 Bd4 14.Rb1 Be6 15.Be3 Bxe3 16.fxe3
Re8 17.c4 Bxd5 18.cxd5 Ne7 19.Nh4 Ng6 20.Qf3 Nxh4 21.Qxf7+ Kh8 22.Rbc1 Rf8
23.Qh5 Rxf1+ 24.Rxf1 Qg5 25.g4 Ng6 26.Qxg5 hxg5 27.Rf7 Rf8 28.Rxc7 Rf3 29.Rxb7
Rxe3 30.Rxa7 Rxd3 31.b5 Rb3 32.a4 Rb4 33.Kf2 Rxe4 34.a5 Rf4+ 35.Ke3 e4 36.Ra8+
Kh7 37.b6 Nh4 38.b7 Ng2+ 39.Ke2 e3 40.b8=Q Rf2+ 41.Kd3 e2 42.Qh8+ Kg6 43.Re8
Nf4+ 44.Kd4 Ng2 45.Rxe2 Rxe2 46.Qh5+ Kf6 47.Qh8 Ra2 48.Qa8 Ra4+ 49.Kc3 Ke5
50.Kb3 Rf4 51.a6 Rf3+ 52.Kc4 Ne3+ 53.Kb5 Nxd5 54.Qe8+ Kd4 55.Ka5 Ra3+ 56.Qa4+
Rxa4+ 57.Kxa4 Kc5 58.a7 Nc7 59.Kb3 Kb6 60.Kc3 Kxa7
0-1

[Event "Landesjugendeinzelmeisterschaft M-V u14"]
[Site "Malchow 2024"]
[Date "2024.02.06"]
[Round "5.10"]
[White "Klatt, Erik Alexander"]
[Black "Lipkowski, Calvin"]
[Result "0-1"]
[WhiteElo "924"]
[BlackElo "791"]
[Time "08:30:00"]
[WhiteTeam "SV Empor KÃ¼hlungsborn"]
[BlackTeam "SAV Torgelow-DrÃ¶geheide 90"]

1.e4 e5 2.Nf3 Nc6 3.Bc4 Nf6 4.Nc3 Bc5 5.a3 O-O 6.O-O d6 7.h3 Re8 8.Ng5 Re7 9.Nd5
Rd7 10.d3 Nxd5 11.Bxd5 h6 12.Nf3 Re7 13.b4 Bd4 14.Rb1 Be6 15.Be3 Bxe3 16.fxe3
Re8 17.c4 Bxd5 18.cxd5 Ne7 19.Nh4 Ng6 20.Qf3 Nxh4 21.Qxf7+ Kh8 22.Rbc1 Rf8
23.Qh5 Rxf1+ 24.Rxf1 Qg5 25.g4 Ng6 26.Qxg5 hxg5 27.Rf7 Rf8 28.Rxc7 Rf3 29.Rxb7
Rxe3 30.Rxa7 Rxd3 31.b5 Rb3 32.a4 Rb4 33.Kf2 Rxe4 34.a5 Rf4+ 35.Ke3 e4 36.Ra8+
Kh7 37.b6 Nh4 38.b7 Ng2+ 39.Ke2 e3 40.b8=Q Rf2+ 41.Kd3 e2 42.Qh8+ Kg6 43.Re8
Nf4+ 44.Kd4 Ng2 45.Rxe2 Rxe2 46.Qh5+ Kf6 47.Qh8 Ra2 48.Qa8 Ra4+ 49.Kc3 Ke5
50.Kb3 Rf4 51.a6 Rf3+ 52.Kc4 Ne3+ 53.Kb5 Nxd5 54.Qe8+ Kd4 55.Ka5 Ra3+ 56.Qa4+
Rxa4+ 57.Kxa4 Kc5 58.a7 Nc7 59.Kb3 Kb6 60.Kc3 Kxa7 61.Kd3 Kb6 62.Ke4 Kc5 63.Kf5
d5 64.Kxg5 d4 65.Kf4 Kc4 66.Ke4 Kc3 67.g5 d3 68.Ke3 Kc2 69.g6 d2 70.h4 d1=Q
71.Ke4 Qh5 72.Kf4 Qxh4+ 73.Kf5 Qf6+ 74.Ke4 Qxg6+ 75.Kf4 Qf7+ 76.Kg4 g6 77.Kh3
Qg8 78.Kg4 g5 79.Kh3 g4+ 80.Kg2 g3 81.Kh1 Qg4 82.Kg2 Nd5 83.Kh1 Qe2 84.Kg1 Qf2+
85.Kh1 Qh2#
0-1

[Event "Landesjugendeinzelmeisterschaft M-V u16"]
[Site "Malchow 2024"]
[Date "2024.02.06"]
[Round "5.1"]
[White "Stepanjan, Marianne"]
[Black "Drechsler, Andor"]
[Result "1-0"]
[WhiteElo "1678"]
[BlackElo "1494"]
[Time "08:30:00"]
[WhiteTeam "ESV 1888 Wittenberge"]
[BlackTeam "SAV Torgelow-DrÃ¶geheide 90"]

1.e4 c6 2.d4 d5 3.exd5 cxd5 4.Bd3 Nc6 5.c3 Nf6 6.Bf4 Bg4 7.Qb3 Qc8 8.Nd2 e6
9.Ngf3 Bxf3 10.Nxf3 Be7 11.O-O O-O 12.Rfe1 a6 13.Qc2 b5 14.a3 h6 15.Qd2 Re8
16.Bxh6 gxh6 17.Qxh6 Qd8 18.Ng5 Bf8 19.Bh7+
1-0

[Event "Landesjugendeinzelmeisterschaft M-V u16"]
[Site "Malchow 2024"]
[Date "2024.02.06"]
[Round "5.2"]
[White "Sens, Gerda"]
[Black "Brandt, Mattis"]
[Result "1-0"]
[WhiteElo "1262"]
[BlackElo "1315"]
[Time "08:30:00"]
[WhiteTeam "SSC Rostock 07"]
[BlackTeam "Greifswalder SV"]

1.e4 c5 2.Nc3 e6 3.Bc4 a6 4.a3 b5 5.Ba2 Qc7 6.Nf3 Be7 7.d3 d6 8.Bd2 Nf6 9.Qe2
Nbd7 10.O-O Bb7 11.Rfe1 O-O 12.Bb3 Rfc8 13.Rad1 Rab8 14.Bf4 Ba8 15.Nd2 a5 16.Bg3
a4 17.Ba2 b4 18.Nxa4 Qa5 19.b3 bxa3 20.Nc4 Qa6 21.Nxa3 Bc6 22.Nc4 Bxa4 23.bxa4
Qxa4 24.Bb3 Qc6 25.e5 dxe5 26.Nxe5 Nxe5 27.Bxe5 Rb4 28.Bc4 Nd5 29.Rb1 Bd6 30.c3
Rb6 31.Bxd5 exd5 32.Qg4 Bxe5 33.Rxb6 Qa8 34.d4 cxd4 35.cxd4 h5 36.Qd1 Bc7 37.Rb5
Ba5 38.Re5 Bc3 39.g3 Qc6 40.Rexd5 Re8 41.Re5 Ra8 42.Rec5 Qxc5 43.Rxc5 Ra1
44.Qxa1 Bxa1 45.d5 Be5 46.Kg2 Kf8 47.Kf3 Ke7 48.Ke4 Bd6 49.Rb5 g6 50.f4 Kf6
51.Rb6 Ke7 52.h3 Kd7 53.Rb7+ Ke8 54.g4 h4 55.f5 Kf8 56.f6 Bb8 57.Rxb8#
1-0

[Event "Landesjugendeinzelmeisterschaft M-V u16"]
[Site "Malchow 2024"]
[Date "2024.02.06"]
[Round "5.3"]
[White "WellÃŸow, Lio Keanu"]
[Black "Peilert, Maximilian"]
[Result "1-0"]
[WhiteElo "1131"]
[BlackElo "1463"]
[Time "08:30:00"]
[WhiteTeam "HSG Stralsund"]
[BlackTeam "Think Rochade - SC HRO"]

1.d4 d5 2.c4 c6 3.Nc3 Nf6 4.Nf3 dxc4 5.e4 Bg4 6.Be3 e6 7.Bxc4 Nbd7 8.Bg5 h6
9.Bh4 Qb6 10.Qd2 Bb4 11.Qd3 c5 12.Rd1 cxd4 13.Qxd4 Bc5 14.Qd2 Rc8 15.Bb5
(15.Bxf6) 15...Rd8 (15...O-O 16.Bxd7 Nxd7 17.Qxd7 Qxb2 18.Qd2 Qxd2+ 19.Rxd2 Bb4)
16.Bxf6 gxf6 17.Bxd7+ Ke7 18.Na4 Qc7 19.Qc3 Bxf2+ 20.Kxf2 Qxc3 21.Nxc3 Rxd7
22.Rxd7+ Kxd7 23.h3 Bh5 24.g4 Bg6 25.e5 Ke7 26.exf6+ Kxf6 27.Nb5 Rc8 28.Rd1 a6
29.Nd6 Rd8 30.Ne4+ Ke7 31.Rxd8 Kxd8 32.Nc5 Kc7 33.a3 Kc6 34.b4 Kb5 35.Ne5 b6
36.Nxg6 bxc5 37.Ne5 cxb4 38.axb4 f5 39.gxf5 exf5 40.Nf7 h5 41.Nh6 Kxb4 42.Nxf5
a5 43.Ke3 Kc5 44.Ng7 Kd5 45.Nxh5 Ke5 46.h4 Kf5 47.Ng3+ Kg4 48.h5 Kg5 49.Kd3 Kf6
50.Kc4 Kg5 51.Kb5 Kh6 52.Kxa5 Kg5 53.Kb5 Kh6 54.Kc5 Kg5 55.Kd5 Kh6 56.Ke6 Kg5
57.Kf7 Kh6 58.Kg8 Kg5 59.Kg7
1-0

[Event "Landesjugendeinzelmeisterschaft M-V u16"]
[Site "Malchow 2024"]
[Date "2024.02.06"]
[Round "5.4"]
[White "Briese, Paul"]
[Black "Troschke, Bennet"]
[Result "1-0"]
[WhiteElo "1553"]
[BlackElo "1398"]
[Time "08:30:00"]
[WhiteTeam "SAV Torgelow-DrÃ¶geheide 90"]
[BlackTeam "Greifswalder SV"]

1.e4 e5 2.Nf3 Nc6 3.Bc4 Bc5 4.c3 Nf6 5.d4 exd4 6.e5 Qe7 7.cxd4 Bb4+ 8.Nc3 O-O
9.O-O Ne8 10.Bg5 Nf6 11.exf6 gxf6 12.Nd5 Qd6 13.Bxf6 h6 14.Ne5 Kh7 15.Qd3+ Kg8
16.Qg3+ Kh7 17.Qg7#
1-0

[Event "Landesjugendeinzelmeisterschaft M-V u16"]
[Site "Malchow 2024"]
[Date "2024.02.06"]
[Round "5.3"]
[White "WellÃŸow, Lio Keanu"]
[Black "Peilert, Maximilian"]
[Result "1-0"]
[WhiteElo "1131"]
[BlackElo "1463"]
[Time "08:30:00"]
[WhiteTeam "HSG Stralsund"]
[BlackTeam "Think Rochade - SC HRO"]

1.d4 d5 2.c4 c6 3.Nc3 Nf6 4.Nf3 dxc4 5.e4 Bg4 6.Be3 e6 7.Bxc4 Nbd7 8.Bg5 h6
9.Bh4 Qb6 10.Qd2 Bb4 11.Qd3 c5 12.Rd1 cxd4 13.Qxd4 Bc5 14.Qd2 Rc8 15.Bb5 Rd8
16.Bxf6 gxf6 17.Bxd7+ Ke7 18.Na4 Qc7 19.Qc3 Bxf2+ 20.Kxf2 Qxc3 21.Nxc3 Rxd7
22.Rxd7+ Kxd7 23.h3 Bh5 24.g4 Bg6 25.e5 Ke7 26.exf6+ Kxf6 27.Nb5 Rc8 28.Rd1 a6
29.Nd6 Rd8 30.Ne4+ Ke7 31.Rxd8 Kxd8 32.Nc5 Kc7 33.a3 Kc6 34.b4 Kb5 35.Ne5 b6
36.Nxg6 bxc5 37.Ne5 cxb4 38.axb4 f5 39.gxf5 exf5 40.Nf7 h5 41.Nh6 Kxb4 42.Nxf5
a5 43.Ke3 Kc5 44.Ng7 Kd5 45.Nxh5 Ke5 46.h4 Kf5 47.Ng3+ Kg4 48.h5 Kg5 49.Kd3 Kf6
50.Kc4 Kg5 51.Kb5 Kh6 52.Kxa5 Kg5 53.Kb5 Kh6 54.Kc5 Kg5 55.Kd5 Kh6 56.Ke6 Kg5
57.Kf7 Kh6 58.Kg8 Kg5 59.Kg7
1-0

[Event "Landesjugendeinzelmeisterschaft M-V u16"]
[Site "Malchow 2024"]
[Date "2024.02.06"]
[Round "5.5"]
[White "Saalmann, Emil"]
[Black "Vollmer, Willem Maarten"]
[Result "1-0"]
[WhiteElo "958"]
[BlackElo "1501"]
[Time "08:30:00"]
[WhiteTeam "ESV 1888 Wittenberge"]
[BlackTeam "SF Schwerin"]

1.e4 e5 2.Nf3 Nc6 3.Bc4 Bc5 4.b4 Bxb4 5.c3 Ba5 6.d4 d6 7.Qb3 Qd7 8.O-O h6 9.dxe5
Nxe5 10.Nxe5 dxe5 11.Rd1 Qe7 12.Ba3 c5 13.Qb5+ Bd7 14.Qxa5 b6 15.Qa6 Nf6 16.Bd5
Nxd5 17.exd5 O-O 18.Qe2 Qg5 19.c4 Bh3 20.f3 e4 21.fxe4 (21.Qxe4) 21...Bg4 22.Qd2
Bxd1 23.Qxd1 Qe3+ 24.Kh1 Qxe4 25.Nd2 Qe3 26.Bb2 Rfe8 27.h3 Rad8 28.Rc1 b5 29.Qg4
f6 30.Bxf6 Rd7 31.Qxd7 gxf6 32.Qxb5 Re7 33.Nb3 Qg3 34.Qxc5 Re2 35.Qc8+ Kh7
36.Qf5+ Kh8 37.Qxf6+ Kh7 38.Qf3 Qe5 39.Rf1 Kg6 40.Qg4+ Kh7 41.Qf5+ Qxf5 42.Rxf5
Rxa2 43.d6 Rb2 44.d7 Rb1+ 45.Kh2 Rd1 46.Rd5 Rxd5
1-0

[Event "Landesjugendeinzelmeisterschaft M-V u16"]
[Site "Malchow 2024"]
[Date "2024.02.06"]
[Round "5.5"]
[White "Saalmann, Emil"]
[Black "Vollmer, Willem Maarten"]
[Result "1-0"]
[WhiteElo "958"]
[BlackElo "1501"]
[Time "08:30:00"]
[WhiteTeam "ESV 1888 Wittenberge"]
[BlackTeam "SF Schwerin"]

1.e4 e5 2.Nf3 Nc6 3.Bc4 Bc5 4.b4 Bxb4 5.c3 Ba5 6.d4 d6 7.Qb3 Qd7 8.O-O h6 9.dxe5
Nxe5 10.Nxe5 dxe5 11.Rd1 Qe7 12.Ba3 c5 13.Qb5+ Bd7 14.Qxa5 b6 15.Qa6 Nf6 16.Bd5
Nxd5 17.exd5 O-O 18.Qe2 Qg5 19.c4 Bh3 20.f3 e4 21.fxe4 Bg4 22.Qd2 Bxd1 23.Qxd1
Qe3+ 24.Kh1 Qxe4 25.Nd2 Qe3 26.Bb2 Rfe8 27.h3 Rad8 28.Rc1 b5 29.Qg4 f6 30.Bxf6
Rd7 31.Qxd7 gxf6 32.Qxb5 Re7 33.Nb3 Qg3 34.Qxc5 Re2 35.Qc8+ Kh7 36.Qf5+ Kh8
37.Qxf6+ Kh7 38.Qf3 Qe5 39.Rf1 Kg6 40.Qg4+ Kh7 41.Qf5+ Qxf5 42.Rxf5 Rxa2 43.d6
Rb2 44.d7 Rb1+ 45.Kh2 Rd1 46.Rd5 Rxd5
1-0

[Event "Landesjugendeinzelmeisterschaft M-V u16"]
[Site "Malchow 2024"]
[Date "2024.02.06"]
[Round "5.6"]
[White "Janssen, Julika"]
[Black "Asmussen, Johann"]
[Result "1/2-1/2"]
[WhiteElo "1322"]
[BlackElo "1208"]
[Time "08:30:00"]
[WhiteTeam "TuS Makkabi Rostock"]
[BlackTeam "HSG Stralsund"]

1.d4 d5 2.Nf3 Nf6 3.Bf4 Bf5 4.e3 e6 5.Bd3 Bxd3 6.Qxd3 c6 7.c3 Nbd7 8.Nbd2 Be7
9.h3 Qb6 10.Rb1 c5 11.O-O O-O 12.Rfe1 Bd6 13.Bxd6 Qxd6 14.Qc2 Rac8 15.a4 Rc6
16.e4 dxe4 17.Nxe4 Qc7 18.dxc5 Nxe4 19.Rxe4 Rxc5 20.Rg4 Nf6 21.Rg5 Rxg5 22.Nxg5
Rc8 23.Rd1 h6 24.Ne4 Nd5 25.Qd2 Qa5 26.Qd4 Rc6 27.c4 Nb6 28.b3 Qb4 29.Rd3 Nxc4
30.Rg3 e5 31.Qd8+ Kh7 32.bxc4 Qe1+ 33.Kh2 Qxe4 34.Qf8 Rg6 35.Qxf7 Rxg3 36.Kxg3
Qg6+ 37.Qxg6+ Kxg6 38.Kf3 Kf6 39.Ke4 Ke6 40.f4 exf4 41.Kxf4 b6 42.g4 g6 43.h4
Kf6 44.Ke4 Ke6 45.Kf4 Kd6 46.Ke4 Ke6 47.Kf4 a5 48.g5 h5 49.Ke4 Kd6 50.Kd4 Ke6
51.Ke4
1/2-1/2

[Event "Landesjugendeinzelmeisterschaft M-V u16"]
[Site "Malchow 2024"]
[Date "2024.02.06"]
[Round "5.7"]
[White "Tank, Julian"]
[Black "Hampe, Florian"]
[Result "1/2-1/2"]
[WhiteElo "1248"]
[BlackElo "1220"]
[Time "08:30:00"]
[WhiteTeam "Think Rochade - SC HRO"]
[BlackTeam "Lok Gymnas Pritzwalk"]

1.e4 c5 2.Nf3 e6 3.d4 cxd4 4.Nxd4 d6 5.Nc3 Nf6 6.Bd3 Be7 7.O-O O-O 8.Be3 Nc6
9.Nxc6 bxc6 10.Re1 d5 11.e5 Nd7 12.Bf4 g6 13.a3 Bg5 14.Qg4 Bxf4 15.Qxf4 c5
16.Nb5 c4 17.Bf1 a6 18.Nd4 Bb7 19.Re3 Nc5 20.Qh6 f6 21.Rae1 fxe5 22.Rxe5 Qf6
23.Qe3 Ne4 24.Rxe6 Qxf2+ 25.Qxf2 Nxf2 26.Re7 Rab8 27.Ne6 Rf6 28.Nc5 Bc6 29.Nxa6
Rxb2 30.Nb4 Ba4 31.Nxd5 Rf5 32.Bxc4 Kf8 33.R7e2 Ng4 34.Rf1 Rxf1+ 35.Kxf1 Rb1+
36.Re1 Nxh2+ 37.Ke2 Rxe1+ 38.Kxe1 Bxc2 39.Nf4 Ng4 40.Be2 Ne5 41.Kd2 Ba4 42.Nd3
Nxd3 43.Kxd3 Ke7 44.Bf3 Kd6 45.Kc4 Bd7 46.Bd5 Ke5 47.Bf3 Kd6 48.Bd5 Ke5
1/2-1/2